10 größte Fußball Stadien in Berlin - Statistiken

Allgemein
  • Dieses Quiz wurde 44 mal gespielt
  • Das Durchschnittsergebnis liegt bei 4 aus 10
Antwortstatistiken
Kapazität Verein Stadion % Korrekt
73.846 Hertha BSC Olympiastadion
100%
22.012 1. FC Union Berlin Stadion An der Alten Försterei
100%
15.005 Tennis Borussia Berlin Mommsenstadion
54%
10.000 Berliner AK 07 Poststadion
54%
7800 BFC Dynamo Stadion im Sportforum
38%
4300 Viktoria Berlin Stadion Lichterfelde
33%
5400 Hertha BSC II Olympiapark-Amateurstadion
28%
9900 SV Lichtenberg 47 HOWOGE-Arena
23%
4500 Hertha 03 Zehlendorf Ernst-Reuther-Stadion
8%
5000 Türkiyemspor Berlin Willy-Kressmann-Stadion
8%
Keine übereinstimmenden Quizze gefunden
Verteilung der Resultate
Anzahl Personen mit jedem Resultat
Perzentil nach korrekt beantworteten Fragen
Ihre Resultats-Entwicklung
Sie haben dieses Quiz noch nicht gespielt